00780nam a2200241 a 4500001001000000003000900010005001700019007000300036008003500039020001800074040003000092082002900122100003600151245006100187264003800248300002700286336002700313337003300340338002800373650004600401650005000447650004100497000040466DO-SdBPM20250905093613.0ta130826s2013 dr 000 0 spa d a9789945007947 aDO-SdBPMbspacBNPHUdrda 4aRD863.09bS787n 20132221 aStanley, Avelinod1959-eautor 13aLa novela dominicana contemporánea /cAvelino Stanley. aSanto Domingo :bFUNDESEP,c2013. a78 páginas ;c22 cm. atextobtxt2rdacontent asin mediaciónbn2rdamedia avolumenbnc2rdacarrier 7aNovela dominicana xHistoria y crítica  7aLiteratura dominicana xHistoria y crítica  7aNovela dominicana vBibliografías